• 首页
  • 本馆介绍
  • 公告通知
  • 最新文献
  • 馆藏检索
  • 电子资源
  • 读者导购
  • 参考咨询
  • 我的图书馆
  • 登录
  • 详细信息显示
  • 放入我的书架
  • 预约/预借图书
  • 作者相关作品
  • 分类相关作品
  • 丛书相关作品
  • 出版社相关作品

书目信息

  • 表格格式
  • 工作单格式
  • 卡片格式
题名:
龚自珍的诗文
    
 
作者: ;华南师范学院中文系 编
分册:  
出版信息: 北京   中华书局  1979.01
页数: 108页
开本: 19cm
丛书名:
单 册:
中图分类: I206.5
科图分类:
主题词: 近代文学--文学研究--中国 , 近代文学--文学评论--中国
电子资源:
ISBN:
000 00628nam0 2200217 45
001 0301151017
005 20060909161522.53
010    @dCNY0.23
091    @a10018.420
100    @a20030115d1979 km y0chiy0120 ea
101 0  @achi
105    @a z 000zy
200 1  @a龚自珍的诗文@AGong Zi Zhen De Shi Wen@f华南师范学院中文系编@FHua Nan Shi Fan Xue Yuan Zhong Wen XiBian
210    @a北京@c中华书局@d1979.01
215    @a108页@d19cm
606 0  @a近代文学@x文学研究@y中国
606 0  @a近代文学@x文学评论@y中国
690    @aI206.5@v3
711 02 @a华南师范学院中文系@4编
801    @aCN@bTSTC@c20060909
905    @dI206.5@e14
    
    龚自珍的诗文/华南师范学院中文系编.-北京:中华书局,1979.01
    108页;19cm
    
    
    ISBN :CNY0.23
    
●
相关链接 在E读中查询图书 在五车中查询图书 在当当中查询图书 在豆瓣中查询图书


正题名:龚自珍的诗文     索取号:I206.5/14         预约/预借

序号 登录号 条形码 馆藏地/架位号 状态 备注
1 0007203   000051099   第二借阅区/ [索取号:I206.5/14] 在馆    
2 0007204   001828393   密集书库/ [索取号:I206.5/14] 在馆    
3 0007205   002017052   第二借阅区/ [索取号:I206.5/14] 在馆    
4 0007206   000051106   第二借阅区/ [索取号:I206.5/14] 在馆    
5 0007210   001832477   密集书库/ [索取号:I206.5/14] 在馆    
6 0007211   000051115   第二借阅区/ [索取号:I206.5/14] 在馆    
7 0007212   001740539   密集书库/ [索取号:I206.5/14] 在馆    
8 0014551   001740860   密集书库/ [索取号:I206.5/14] 在馆    
9 0427540   204275408   密集书库/ [索取号:I206.5/14] 在馆    
10 0451366   204513669   密集书库/ [索取号:I206.5/14] 在馆    
11 0451367   204513678   密集书库/ [索取号:I206.5/14] 在馆    
12 0457380   204573808   密集书库/ [索取号:I206.5/14] 在馆    
13 0457381   204573817   密集书库/ [索取号:I206.5/14] 在馆    
14 0457382   204573826   密集书库/ [索取号:I206.5/14] 在馆    
15 0469092   204690922   密集书库/ [索取号:I206.5/14] 在馆    
16 0471412   204714121   密集书库/ [索取号:I206.5/14] 在馆    
17 0471479   204714791   密集书库/ [索取号:I206.5/14] 在馆    
18 0474423   204744232   密集书库/ [索取号:I206.5/14] 在馆    
唐山师范学院图书馆 欢迎您!
大连网信软件有限公司© 版权所有